Estadísticas para Ciudades Africanas en el Top 200 Mundial

Haz click aquí para intentar la prueba.

Estadísticas generales

  • Esta prueba ha sido intentada 1.525 veces
  • La puntuación promedio es 16 de 27

Estadísticas de respuestas

PuestoPoblaciónNombre de la ciudad% Correcto
1221.0 mEl Cairo
96%
1263.98 mArgel
86%
755.90 mNairobi
82%
1144.23 mCiudad del Cabo
81%
1519.4 mLagos
79%
3012.4 mKinsasa
77%
1084.48 mCasablanca
76%
2613.9 mJohannesburgo
75%
1353.73 mDakar
74%
1313.80 mAdís Abeba
73%
488.15 mLuanda
68%
2002.68 mTúnez
68%
1433.53 mAbuya
66%
775.80 mAlejandría
64%
716.30 mJartum
64%
885.10 mAcra
59%
1503.50 mYaundé
52%
1433.53 mKampala
51%
696.45 mDar es Salaam
46%
2002.68 mLusaka
46%
1433.53 mBamako
45%
1533.43 mDurban
35%
815.60 mAbiyán
32%
1044.70 mKano
26%
1413.58 mIbadán
21%
1553.38 mDuala
20%
1783.03 mKumasi
11%

Distribución de puntuación

Porcentaje por número respondido

Porcentaje de gente con cada puntuación

Historial de tus puntuaciones

No has intentado esta prueba.